Advanced financial accounting

Saved in:
Bibliographic Details
Main Author: CHRISTENSEN, Theodore E.
Format: Book
Language:English
Published: McGraw-Hill Education 2016
Tags: Add Tag
No Tags, Be the first to tag this record!

MARC

LEADER 00000nam a22000007a 4500
008 210419b ||||| |||| 00| 0 eng d
020 |a 978-0-07-802587-7 
100 |a CHRISTENSEN, Theodore E. 
245 |a Advanced financial accounting  |c Theodore E. Christensen, David M. Cottrell, Cassy JH Budd.  |g  xxxi, 1100p 
250 |b 11th ed. 
260 |b  McGraw-Hill Education  |c  2016  |h New York  |i 689820  |l HF5636 .C46  |m Accounting. 
942 |a lcc  |c BK  |e ADEKANYE, I. H.  |f 19/04/2021 
952 |0 0  |1 0  |2 lcc  |4 0  |6 HF5636 C46  |7 0  |9 2188  |a HOL  |b HOL  |c GJ  |d 2021-04-19  |l 0  |o HF5636 .C46  |p 2021-6042  |r 2021-04-19 00:00:00  |w 2021-04-19  |y BK 
999 |c 1140  |d 1140